Largest neighbour - Statistics

General Stats
  • This quiz has been taken 3,760 times
    3,752 since last reset
  • The average score is 14 of 15
Answer Stats
Country Biggest neighbour % Correct
USA Canada
100%
Netherlands Germany
100%
Mongolia Russia
98%
Brazil Argentina
97%
Switzerland France
97%
Uruguay Brazil
96%
Bhutan China
95%
Dominican Republic Haiti
93%
Liechtenstein Austria
91%
Cambodia Thailand
91%
Nicaragua Honduras
87%
South Africa Namibia
86%
Niger Algeria
82%
Slovakia Ukraine
80%
Armenia Iran
74%
No matching quizzes found
Score Distribution
Percent of People with Each Score
Percentile by Number Answered
Your Score History
You have not taken this quiz since the last reset